000
00267nam a2200109Ia 4500
008
220204s9999 xx 000 0 und d
082
_a
339.138
_b
ODE
100
_a
ODell, William F
245
0
_a
Marketing decision
260
_a
Bombay
_b
Taraporevala
_c
1977
942
_c
BK
999
_c
30368
_d
30368